Socialist register 2005. El Imperio recargado /
Uloženo v:
| Hlavní autor: | |
|---|---|
| Další autoři: | |
| Médium: | Text |
| Vydáno: |
Buenos Aires:
CLACSO
|
| Témata: | |
| Tagy: |
Přidat tag
Žádné tagy, Buďte první, kdo vytvoří štítek k tomuto záznamu!
|
MARC
| LEADER | 00000 a a2200000 04500 | ||
|---|---|---|---|
| 001 | 32472 | ||
| 003 | |||
| 040 | |a CRAI/IIS |c CRAI/IIS | ||
| 020 | |a 987-1183-30-5 | ||
| 090 | |a 202502 | ||
| 100 | |a Panitch, Leo | ||
| 245 | |a Socialist register 2005. El Imperio recargado / |c Leo Panitch | ||
| 260 | |a Buenos Aires: |b CLACSO | ||
| 300 | |a 362 p. | ||
| 650 | |a RECESION ECONOMICA | ||
| 650 | |a MERCADO FINANCIERO INTERNACIONAL | ||
| 650 | |a FINANZAS INTERNACIONALES | ||
| 650 | |a IMPERIALISMO | ||
| 700 | |a ed. |a Leys, Colin |a ed. | ||
| 999 | |c 15009 |d 15009 | ||



